000 00453nam a2200181Ia 4500
003 GCL
008 140319s9999 xx 000 0 eng d
040 _aGCL /
_cGCL
082 0 4 _a414
_bD G
100 1 _aDURAND, JACQUES
245 1 0 _aGENERATIVE AND NONLINEAR PHONOLOGY /
_cDURAND, JACQUES
260 _a[S.N] :
_bLONGMAN ،
_c1994
300 _a337 P
650 0 4 _aGRAMMAR
650 0 4 _aENGLISH LANGUAGE
650 0 4 _aPHONOLOGY
942 _2ddc
_cBK
999 _c23920
_d23920